| 000 | 01415nam1a22002651i 4500 | ||
|---|---|---|---|
| 001 | rc\235814 | ||
| 005 | 20260407211910.0 | ||
| 035 | _a(NLR Aleph) 008771396 | ||
| 090 |
_a7926315 _c7926315 |
||
| 100 | _a20030307d1990 u b0rusy50 ca | ||
| 101 | 0 | _arus | |
| 102 | _aRU | ||
| 105 | _ay n|||||||| | ||
| 200 | 1 |
_aМетодические рекомендации по основам эксплуатации подвижного состава, технике безопасности и охране труда на автомобильном транспорте _e[в 2 ч.] _fМ-во культуры РСФСР. Центр. бюро по технике безопасности и произв. санитарии |
|
| 210 |
_aМосква _cУпрполиграфиздат _d1990 |
||
| 215 | _d20 | ||
| 606 | 1 |
_aАвтомобили _xЭксплуатация _91043929 _3RU\NLR\AUTH\6684419 |
|
| 606 |
_aАвтомобильный транспорт _xОхрана труда _9902737 _3RU\NLR\AUTH\668423 |
||
| 686 | 0 |
_aО32-082 _2rubbk |
|
| 711 | 0 | 1 |
_aРСФСР _bМинистерство культуры _bЦентральное бюро по технике безопасности и производственной санитарии _3RU\NLR\AUTH\8810141035 _9776954 |
| 801 | 0 |
_aRU _bNLR _gpsbo |
|
| 801 | 1 |
_aRU _bELAR _2rusmarc |
|
| 801 | 2 |
_aRU _bNLR _c20120703 _2rusmarc |
|
| 852 |
_aNLR _j90-3/9081 |
||
| 942 | _cBOOK | ||